The Art of Shading Objects (Record no. 241157)

MARC details
000 -LEADER
fixed length control field 00292pam a2200121 a 4500
020 ## - INTERNATIONAL STANDARD BOOK NUMBER
Terms of availability
041 ## - LANGUAGE CODE
Language code of original
082 ## - DEWEY DECIMAL CLASSIFICATION NUMBER
Classification number 743.8
Item number VAZ
100 ## - MAIN ENTRY--PERSONAL NAME
Personal name Pundalik Vaze.
245 ## - TITLE STATEMENT
Title The Art of Shading Objects
Medium Textual Documents
260 ## - PUBLICATION, DISTRIBUTION, ETC.
Place of publication, distribution, etc. [s.l]:
Name of publisher, distributor, etc. Jyotsna Publication, Pune,
Date of publication, distribution, etc. 2015.
930 ## - EQUIVALENCE OR CROSS-REFERENCE-UNIFORM TITLE HEADING [LOCAL, CANADA]
Uniform title 7367
Holdings
Withdrawn status Lost status Damaged status Not for loan Collection Home library Current library Date acquired Source of acquisition Cost, normal purchase price Total Checkouts Full call number Barcode Date last seen Copy number Price effective from Koha item type
          College of Fine Arts, Pune College of Fine Arts, Pune 12/12/2015 Bhararti Sahakari Grahak Bhandar 65.00   743.8 VAZ FAP-7934 07/03/2023 2 07/03/2023 Book
          College of Fine Arts, Pune College of Fine Arts, Pune 12/12/2015 Bhararti Sahakari Grahak Bhandar 65.00   743.8 VAZ FAP-7933 07/03/2023 1 07/03/2023 Book